All the Songs from 'Guys and Dolls' - Statistics

General Stats
  • This quiz has been taken 5 times
  • The average score is 12 of 17
Answer Stats
Songs % Correct
Guys and Dolls
100%
I'll Know
100%
Adelaide's Lament
80%
Follow the Fold
80%
If I Were a Bell
80%
I've Never Been In Love Before
80%
Luck Be a Lady
80%
Marry the Man Today
80%
More I Cannot Wish You
80%
My Time of Day
80%
Runyonland Music | Fugue for Tinhorns
80%
Sue Me
80%
Sit Down, You're Rocking the Boat
60%
Take Back Your Mink
60%
The Oldest Established
60%
Guys and Dolls (Reprise)
40%
A Bushel and Peck
0%
No matching quizzes found
Score Distribution
Percent of People with Each Score
Percentile by Number Answered
Your Score History
You have not taken this quiz